Catálogo
 En Linea

Agenda nacional de desarrollo (Registro nro. 37432)

Detalles MARC
000 -CABECERA
campo de control de longitud fija 03129nam a2200373 i 4500
001 - NÚMERO DE CONTROL
campo de control 000037942
003 - IDENTIFICADOR DEL NÚMERO DE CONTROL
campo de control DO-SdBNP
005 - FECHA Y HORA DE LA ÚLTIMA TRANSACCIÓN
campo de control 20260317134643.0
007 - CAMPO FIJO DE DESCRIPCIÓN FÍSICA--INFORMACIÓN GENERAL
campo de control de longitud fija ta
008 - DATOS DE LONGITUD FIJA--INFORMACIÓN GENERAL
campo de control de longitud fija 130311s1996 dr 000 0 spa d
020 ## - NÚMERO INTERNACIONAL ESTÁNDAR DEL LIBRO
Número Internacional Estándar del Libro 8484002020
040 ## - FUENTE DE LA CATALOGACIÓN
Centro catalogador/agencia de origen DO-SdBNP
Lengua de catalogación spa
Centro/agencia transcriptor BNPHU
Normas de descripción rda
041 ## - CÓDIGO DE LENGUA
Código de lengua del texto/banda sonora o título independiente spa
082 #4 - NÚMERO DE LA CLASIFICACIÓN DECIMAL DEWEY
Número de clasificación 338.97293
Número de documento/Ítem G892a
Número de edición 22
110 2# - ENTRADA PRINCIPAL--NOMBRE DE ENTIDAD CORPORATIVA
Nombre de entidad corporativa o nombre de jurisdicción como elemento de entrada Grupo de Acción por la Democracia (República Dominicana)
9 (RLIN) 83407
245 10 - MENCIÓN DE TÍTULO
Título Agenda nacional de desarrollo
264 #4 - PRODUCCIÓN, PUBLICACIÓN, DISTRIBUCIÓN, FABRICACIÓN Y COPYRIGHT
Producción, publicación, distribución, fabricación y copyright Santo Domingo, República Dominicana :
Nombre del de productor, editor, distribuidor, fabricante Pontificia Universidad Católica Madre y Maestra (PUCMM) ;
Fecha de producción, publicación, distribución, fabricación o copyright ©1996.
300 ## - DESCRIPCIÓN FÍSICA
Extensión volumen ;
Dimensiones 21 cm.
336 ## - TIPO DE CONTENIDO
Término de tipo de contenido texto
Código de tipo de contenido txt
Fuente rdacontent
337 ## - TIPO DE MEDIO
Nombre/término del tipo de medio sin mediación
Código del tipo de medio n
Fuente rdamedia
338 ## - TIPO DE SOPORTE
Nombre/término del tipo de soporte volumen
Código del tipo de soporte nc
Fuente rdacarrier
505 ## - NOTA DE CONTENIDO CON FORMATO
Nota de contenido con formato Prioridades principales del gran encuentro--
Título Lucha contra la pobreza, enfatizando la generación de empleo --
-- Suministro de energía eléctrica estable, suficiente y a costo razonable --
-- Mejoramiento de la educación, en calidad y cantidad, mediante el aumento del gasto público en educación --
-- Mejoramiento del sistema de salud, estableciendo un marco jurídico adecuado y un plan básico de salud para todos --
-- Focalizar la construcción pública de viviendas en los sectores más pobres, mientras el Estado promueve y regula la de otros grupos --
-- Promover, a corto y mediano plazos, la incorporación de la población asalariada en un régimen de seguridad social que, a largo plazo, cubra roda la población --
-- Modernización del Estado, enfatizando la eficiencia y racionalidad de la administración pública, la gobernabilidad y rendición de cuentas --
-- Implantar un estado de derecho que asegure la justicia, el cumplimiento de las leyes y el control del ejercicio del poder --
-- Profundizar la democracia a través de la participación, la descentralización y un mejor sistema de representación política en el Estado v.1 77 Fomentar y proteger los recursos naturales, forestales y costeros --
-- REorientación del gasto público --
-- Modelo económico, economía estable, incentivos - ahorros
-- Equidad de género --
-- Crecimiento urbano, saneamiento básico y medio ambiente --
-- Comercio exterior --
-- Agricultura de campesions pobres --
-- Menores en circunstancias especialmente difíciles --
-- Previsión social para la vejez -- La pobreza --
-- Desigualdad --
-- Desempleo --
-- Emigración y remesas--
-- Políticas: consideraciones generales--
-- Algunas políticas recomendadas para la generación de empleo
590 ## - NOTA LOCAL (RLIN)
Nota local Inventariado, 2023/BT
650 #4 - PUNTO DE ACCESO ADICIONAL DE MATERIA--TÉRMINO DE MATERIA
Término de materia o nombre geográfico como elemento de entrada Desarrollo de la comunidad
9 (RLIN) 2533
650 #4 - PUNTO DE ACCESO ADICIONAL DE MATERIA--TÉRMINO DE MATERIA
Término de materia o nombre geográfico como elemento de entrada Desarrollo social
Subdivisión geográfica República Dominicana
9 (RLIN) 7783
650 #7 - PUNTO DE ACCESO ADICIONAL DE MATERIA--TÉRMINO DE MATERIA
Término de materia o nombre geográfico como elemento de entrada Mercado de trabajo
Subdivisión de forma Congresos, conferencias, etc.
Subdivisión geográfica República Dominicana
Fuente del encabezamiento o término LIBRUNAM
9 (RLIN) 19058
650 #4 - PUNTO DE ACCESO ADICIONAL DE MATERIA--TÉRMINO DE MATERIA
Término de materia o nombre geográfico como elemento de entrada Pobreza
Subdivisión geográfica República Dominicana
9 (RLIN) 2079
651 #4 - PUNTO DE ACCESO ADICIONAL DE MATERIA--NOMBRE GEOGRÁFICO
Nombre geográfico República Dominicana
Subdivisión general Condiciones económicas
9 (RLIN) 281
651 #4 - PUNTO DE ACCESO ADICIONAL DE MATERIA--NOMBRE GEOGRÁFICO
Nombre geográfico República Dominicana
Subdivisión general Política económica
9 (RLIN) 643
651 #4 - PUNTO DE ACCESO ADICIONAL DE MATERIA--NOMBRE GEOGRÁFICO
Nombre geográfico República Dominicana
Subdivisión general Emigración e inmigración
9 (RLIN) 290
710 2# - PUNTO DE ACCESO ADICIONAL--NOMBRE DE ENTIDAD CORPORATIVA
Nombre de entidad corporativa o nombre de jurisdicción como elemento de entrada Pontificia Universidad Católica Madre y Maestra
9 (RLIN) 843
910 ## - DATOS DE OPCIÓN DEL USUARIO (OCLC)
Datos de opción del usuario BT/Validado. Control de calidad MFF
942 ## - ELEMENTOS DE PUNTO DE ACCESO ADICIONAL (KOHA)
Fuente del sistema de clasificación o colocación Dewey Decimal Classification
Tipo de ítem Koha Libro
Existencias
Estado de retiro Estado de pérdida Fuente del sistema de clasificación o colocación Restricciones de uso No para préstamo Código de colección Localización permanente Ubicación/localización actual Ubicación en estantería Fecha de adquisición Signatura topográfica completa Código de barras Fecha visto por última vez Número de copia Precio válido a partir de Tipo de ítem Koha Fuente de adquisición Total de préstamos
    Dewey Decimal Classification Excluido de préstamo   Patrimonio Dominicano Biblioteca Nacional Pedro Henríquez Ureña Biblioteca Nacional Pedro Henríquez Ureña Depósito 11.03.2013 BNPHU PD 338.97293 G892a 37942-10 25.06.2020 v.1 25.06.2020 Libro    
    Dewey Decimal Classification Excluido de préstamo   Patrimonio Dominicano Biblioteca Nacional Pedro Henríquez Ureña Biblioteca Nacional Pedro Henríquez Ureña Depósito 10.05.2013 BNPHU PD 338.97293 G892a 37942-20 25.06.2020 v.1, e.2 25.06.2020 Libro    
    Dewey Decimal Classification Préstamo en sala   Dominicana de Servicio Biblioteca Nacional Pedro Henríquez Ureña Biblioteca Nacional Pedro Henríquez Ureña Depósito 14.03.2023 BNPHU DS 338.97293 G892a 37942-30 14.03.2023 v.1, e.3 14.03.2023 Libro Donación  
    Dewey Decimal Classification Préstamo en sala   Dominicana de Servicio Biblioteca Nacional Pedro Henríquez Ureña Biblioteca Nacional Pedro Henríquez Ureña Depósito 17.05.2023 BNPHU DS 338.97293 G892a 37942-40 17.05.2023 v.1 e. 4 17.05.2023 Libro    
    Dewey Decimal Classification Préstamo en sala   Dominicana de Servicio Biblioteca Nacional Pedro Henríquez Ureña Biblioteca Nacional Pedro Henríquez Ureña Depósito 17.05.2023 BNPHU DS 338.97293 G892a 37942-50 17.05.2023 v.1, e.5 17.05.2023 Libro    

Con tecnología Koha